000 00393 a2200169 4500
001 44681
020 _a
040 _cAnchieta - Aquarius
100 _aMachado, Ana Maria
240 1 0 _aA grande aventura de Maria Fumaça
_lpor
245 1 0 _aA grande aventura de Maria Fumaça
300 _a
362 0 _a2003
440 1 _aGlobal
650 4 _aLiteratura infanto-juvenil
942 _cBK
999 _c44681
_d44681